Economics.

Spremljeno u:
Bibliografski detalji
Glavni autor: Samuelson
Format: Knjiga
Izdano: MGH
Oznake: Dodaj oznaku
Bez oznaka, Budi prvi tko označuje ovaj zapis!

MARC

LEADER 00000nam a2200000Ia 4500
005 20260515061616.0
100 |a Samuelson 
020 |a 9789364447881 
942 |c BK 
245 |a Economics. 
260 |b MGH 
999 |c 52  |d 52 
952 |0 0  |1 0  |4 0  |7 0  |a ABDN  |b ABDN  |d 2026-05-15  |l 0  |p 000062  |r 2026-05-15 06:16:16  |w 2026-05-15  |y BK